000
00262nam a2200109Ia 4500
008
200302s9999 xx 000 0 und d
100
_a
Walfgang Pehnt
245
_a
Expressionist Architecture
260
_b
Thames and Hudson Ltd.
260
_c
1920
300
_a
231 P.,
999
_c
351
_d
351